[Event "Staraya Mayna Sidorov Cup"]
[Site "Staraya Mayna"]
[Date "2018.07.11"]
[Round "3"]
[White "Karaev, Stepan"]
[Black "Afanasiev, Alexander"]
[Result "0-1"]
[WhiteElo "1187"]
[BlackElo "1475"]
[PlyCount "82"]
[EventDate "2018.07.10"]
[EventType "swiss"]
[EventRounds "9"]
[EventCountry "RUS"]
[SourceTitle "EXT 2019"]
[Source "ChessBase"]
[SourceDate "2018.10.10"]
[SourceVersion "1"]
[SourceVersionDate "2018.10.10"]
[SourceQuality "1"]

1. g3 e5 2. Bg2 c6 3. Nf3 Bd6 4. 0-0 f5 5. e3 Nf6 6. d3 0-0 7. Nc3 Na6 8. a3 Nc7 9. e4 f4 10. Bd2 Ne6 11. d4 Nxd4 12. Nxd4 exd4 13. Ne2 fxg3 14. Nxg3 h6 15. Re1 Bc7 16. Bf1 Re8 17. Bc4+ d5 18. exd5 Rxe1+ 19. Qxe1 Nxd5 20. Bb4 Kh8 21. Qe4 Nf6 22. Qg6 Bh3 23. Nf5 Bxf5 24. Qxf5 a5 25. Bd2 Qd6 26. Bf4 Qxf4 27. Qxf4 Bxf4 28. Re1 Re8 29. Rd1 c5 30. Bf7 Re2 31. Kf1 Rxc2 32. b3 Bxh2 33. Bg6 Ra2 34. a4 b6 35. Kg2 Bd6 36. Re1 Rb2 37. Re6 Bc7 38. Rc6 Nd5 39. Re6 Nf4+ 40. Kf3 Nxe6 41. Bf7 Ng5+ 0-1